Strzelcy bramek dla Polski w el. EURO 2016 - Statystyki

Ogólne statystyki
  • Ten quiz został rozwiązany 322 razy
  • Średni wynik to 8 z 11
Statystyki odpowiedzi
gole piłkarz % Poprawnych
13 Robert Lewandowski
100%
6 Arkadiusz Milik
98%
1 Jakub Błaszczykowski
95%
4 Kamil Grosicki
89%
1 Kamil Glik
88%
2 Grzegorz Krychowiak
87%
1 Krzysztof Mączyński
61%
2 Sebastian Mila
57%
1 Bartosz Kapustka
56%
1 Sławomir Peszko
48%
1 Łukasz Szukała
38%
Nie znaleziono quizów pasujących do podanych kryteriów
Rozkład punktacji
Procent ludzi z każdym wynikiem
Percentyl według liczby udzielonych odpowiedzi
Twoja historia wyników
Nie rozwiązałeś tego quizu